Comportamiento de forrajeo del playero aliblanco (<Catoptrophorus semipalmatus>) en relación con el contexto social y con la presencia de huevos de Limulus (Registro nro. 11746)

Detalles MARC
000 -CABECERA
Campo de control 007050000a22001930004500
090 ## - CLASIFICACIÓN LOCAL
Colección AR
Consecutivo 02684
041 0# - IDIOMA
Código de idioma para texto/pista de sonido o título separado
100 1# - ASIENTO PRINCIPAL--NOMBRE PERSONAL
Nombre personal Kattan, Gustavo H.
245 10 - MENCION DE TITULO
Título Comportamiento de forrajeo del playero aliblanco (<Catoptrophorus semipalmatus>) en relación con el contexto social y con la presencia de huevos de Limulus
650 14 - ASIENTO SECUNDARIO DE MATERIA - TERMINO TEMATICO
Término temático o nombre geográfico como elemento de entrada Aves
650 14 - ASIENTO SECUNDARIO DE MATERIA - TERMINO TEMATICO
Término temático o nombre geográfico como elemento de entrada Ornitología
650 14 - ASIENTO SECUNDARIO DE MATERIA - TERMINO TEMATICO
Término temático o nombre geográfico como elemento de entrada Etología
650 14 - ASIENTO SECUNDARIO DE MATERIA - TERMINO TEMATICO
Término temático o nombre geográfico como elemento de entrada Uso del hábitat
651 #4 - ASIENTO SECUNDARIO DE MATERIA - NOMBRE GEOGRAFICO
-- Isla Seahorse Key
-- Florida
-- Estados Unidos
653 ## - TERMINO DE INDIZACION - NO CONTROLADO
-- Catoptrophorus
-- Catoptrophorus semipalmatus
700 1# - ASIENTO SECUNDARIO - NOMBRE PERSONAL
Nombre personal Murcia, Carolina
773 1# - Item fuente:
Título Ornitología Neotropical
Especificación de materiales 62
Paginas del Articulo 101-103
Lugar, editorial y fecha de publicación 1987
942 ## - ELEMENTOS ADICIONALES (KOHA)
Tipo de ítem Artículo
Existencias
Withdrawn status Lost status Damaged status No para préstamo Colección Ubicación Permanente Ubicación actual Fecha de adquisición Datos de publicación Seriada Total Checkouts Número topográfico Inventario / Código de Barras Date last seen Ejemplar Price effective from Forma de adquisición Tipo de material
      No para Préstamo Hemeroteca Bogotá Bogotá 27/02/2015 Fuera de circulación   AR 02684 013097 25/03/2015 1 25/03/2015   Artículo